000 00981nam2a22002771 4500
001 RU\NLR\INFOCOMM18\1000038942
005 20250806204546.0
035 _a(NLR Aleph) 002276455
090 _a88402
_c88402
100 _a20031208d1941 u y0rusy50 ca
101 0 _arus
102 _aUZ
105 _ay |||||||||
200 1 _aПамятники города Хивы
_fЯ.Г. Гулямов
210 _d1941
461 0 _1001RU\NLR\CVI\002276452
_12001#$aТруды Академии наук УзССР$hСерия 1$iИстория, археология$fАкад. наук УзССР. Ин-т истории, археологии и этнографии$vВып.3
700 1 _aГулямов
_bЯ.Г.
_4070
801 1 _aRU
_bInfoComm
_c20031208
801 0 _aRU
_bNLR
_gPSBO
852 _aNLR
_jП23/2667
942 _cISSUE
945 _aРоссийская национальная библиотека
980 _aNB
980 _aBV
980 _aRUSPER